000 01291nam0a22002771 4500
001 rc\240077
005 20030307115932.3
035 _a(NLR Aleph) 005483747
090 _a5141870
_c5141870
100 _a20030307d1990 u |0rusy50 ca
101 0 _arus
102 _aRU
105 _aa |||||||||
200 1 _aТехнология обработки колец крупногабаритных подшипников на станках с ЧПУ
_e(Обзор)
_fК. т. н. Ю.А. Судьин, В.Н. Стародубровский
_gМ-во автомоб. и с.-х. машиностроения СССР, ЦНИИ информ. и техн.-экон. исслед. автомоб. пром-сти ЦНИИТЭИавтопром
210 _aМ.
_cЦНИИТЭИавтопром
_d1990
215 _a69 с.
_cил.
_d21
225 1 _aСерия 10 "Подшипниковая промышленность"
300 _aНа обл. авт. не указаны
320 _aБиблиогр.: с. 67-68
700 1 _aСудьин
_bЮ. А.
_gЮрий Алексеевич
701 1 _aСтародубровский
_bВ. Н.
_gВладимир Николаевич
801 0 _aRU
_bNLR
_gpsbo
801 1 _aRU
_bELAR
_2rusmarc
852 _aNLR
_j90-4/9939
942 _cBOOK
980 _aNB